| 000 | 01401nam2a22002771 4500 | ||
|---|---|---|---|
| 001 | RU\NLR\A1SV\25321 | ||
| 005 | 20251203152403.2 | ||
| 035 | _a(NLR Aleph) 009709662 | ||
| 090 |
_a13478925 _c13478925 |
||
| 100 | _a19800421d1926 u y0rusy50 ca | ||
| 101 | 0 | _arus | |
| 200 | 1 |
_aВоздушная оборона _fН.Бородачев _aПротивосамолетная артиллерия _fЕ.Агокас _aМаскировка _fН.Яцук _aАэрофотосъемка _fИ.Федоров |
|
| 210 | _d1926 | ||
| 215 |
_a428, [1] с. _cил. |
||
| 320 | _aБиблиогр. / И.Федоров (С.411-416) | ||
| 461 | 1 |
_1001RU\NLR\A1SV\25319 _12000#$aВоздушный справочник$eСб. ст. по вопросам авиации и воздухоплавания$vТ.2 _99827070 _cМ. _d1925-1927 _nАвиоизд-во _oСб. ст. по вопросам авиации и воздухоплавания _tВоздушный справочник _vТ.2 |
|
| 701 | 1 |
_aБородачев _bН.А. _gНиколай Александрович _4070 |
|
| 701 | 1 |
_aАгокас _bЕ.В. _f1881-1960 _gЕвгений Викторович _4070 |
|
| 701 | 1 |
_aЯцук _bН.А. _f1884-1930 _gНиколай Александрович _4070 |
|
| 701 | 1 |
_aФедоров _bИ. _4070 |
|
| 801 | 0 |
_aRU _bNLR _c19800421 |
|
| 852 |
_aNLR _j19/275-2 |
||
| 942 | _cBOOK | ||
| 980 | _aA1SV | ||
| 980 | _aNB | ||